| 000 | 00412nam a2200145 a 4500 | ||
|---|---|---|---|
| 020 | _a8170010448 (pbk) | ||
| 082 |
_a355.00954 _bRIK _cL-30-II, P-180 |
||
| 100 | 1 |
_aRikhye, Ravi _946422 |
|
| 245 | 1 | _aThe War that never was | |
| 260 |
_aDelhi : _bChanakya Publications , _c1988 |
||
| 300 | _a211p. | ||
| 526 |
_a0 _b0 _c0 _d355_009540000000000_RIK |
||
| 650 | 0 |
_aIndia -- History, Military _948596 |
|
| 942 |
_2ddc _cBK |
||
| 999 |
_c551470 _d551470 |
||